Länder mit den meisten Wölfen - Statistiken

Allgemein
  • Dieses Quiz wurde 19.768 mal gespielt
    5.188 seit der letzten Aktualisierung
  • Das Durchschnittsergebnis liegt bei 11 aus 17
Antwortstatistiken
Wölfe Land % Korrekt
67.000 Russland
98%
18.000 Vereinigte Staaten
94%
> 60.000 Kanada
92%
12.500 China
88%
30.000 Kasachstan
78%
10.000 – 20.000 Mongolei
77%
2.000 Ukraine
75%
1.900 Polen
73%
1.500 – 2.000 Belarus
64%
2.000 – 3.000 Indien
58%
2.500 – 3.000 Rumänien
57%
2.000 Usbekistan
55%
7.000 Türkei
54%
2.700 Bulgarien
48%
4.000 Kirgisistan
45%
3.300 Italien
35%
2.000 – 3.000 Spanien
30%
Keine übereinstimmenden Quizze gefunden
Verteilung der Resultate
Anzahl Personen mit jedem Resultat
Perzentil nach korrekt beantworteten Fragen
Ihre Resultats-Entwicklung
Sie haben dieses Quiz seit der letzten Aktualisierung nicht gespielt